00499njm a2200157 i 4500001001100000003000500011005001700016008004100033040002500074245003600099264007000135336002100205337002500226338002300251500006700274C2-0218230PPAK20180729152114.0990724s1990 my |||| ||||| | may d aPPAKbengcPPAKerda00aSejarah hubungan Kedah - Brunei 1aAlor Setar, Kedah : bPerbadanan Perpustakaan Awam Kedah , c1990 2rdacontentatext 2rdamediaaunmediated 2rdacarrieravolume aDirakam pada 8/8/90 ; Temubual dengan Pehin Dr. Muhammad Jamil